Μετεκπαιδευτική ημερίδα Κακοποίση - Παραμέληση του Παιδιού : πρακτικά

Αποθηκεύτηκε σε:
Λεπτομέρειες βιβλιογραφικής εγγραφής
Συγγραφή απο Οργανισμό/Αρχή: Περιφερειακό Γενικό Νοσοκομείο Θεσσαλονίκης ΑΧΕΠΑ
Άλλοι συγγραφείς: Παιονίδης, Α. (Επιμελητής έκδοσης)
Μορφή: Βιβλίο
Γλώσσα:Greek
Δημοσίευση: Θεσσαλονίκη : Εκπαιδευτικό Κέντρο ΑΧΕΠΑ, 1990
Θέματα:
Ετικέτες: Προσθήκη ετικέτας
Δεν υπάρχουν, Καταχωρήστε ετικέτα πρώτοι!

MARC

LEADER 00000nam a2200000 i 4500
001 1/90941
008 991007s1990 gre d
035 |l 10053344 
040 |a GR-MY-UA  |b gre  |e aacr 
041 0 |a gre 
082 0 |a 364.1555 
110 2 |a Περιφερειακό Γενικό Νοσοκομείο Θεσσαλονίκης ΑΧΕΠΑ. 
245 1 0 |a Μετεκπαιδευτική ημερίδα Κακοποίση - Παραμέληση του Παιδιού :  |b πρακτικά /  |c Περιφερειακό Γενικό Νοσοκομείο Θεσσασονίκης ; επιμέλεια Α. Παιονίδης 
246 3 3 |a Κακοποίηση - παραμέληση του παιδιού 
260 |a Θεσσαλονίκη :   |b Εκπαιδευτικό Κέντρο ΑΧΕΠΑ,   |c 1990 
300 |a 103 σ. 
500 |a Νοσοκομείο ΑΧΕΠΑ - Θεσσαλονίκη, Σεπτέμβριος 1989 
650 0 0 |a Child abuse. 
650 0 0 |a Abused children. 
650 0 0 |a Family violence. 
650 0 0 |a Child rearing. 
650 0 0 |a Children. 
650 0 0 |a Battered child syndrome. 
700 1 |a Παιονίδης, Α.  |4 edt 
852 |a INST  |b RHODES  |e 19991007  |h 364.1555 ΠΕΡ  |p 005400010650  |q 005400010650  |t BK  |y 0 
909 |a Ρ  |b 022168 
922 |a 4ΔΩΡ  |b 199206  |c ΔΩΡΕΑ 
970 |a ΧΟΡΟΖΙΔΟΥ  |b ΤΖΕΝΗ  |z 1999/10/07